|
|
|
|
| LEADER |
00697cam a2200193 7i4500 |
| 001 |
0000024892 |
| 005 |
20100726090000.0 |
| 020 |
0 |
0 |
|a 978-92--9137-365-9
|
| 090 |
0 |
0 |
|a I 346.0488
|b GUI
|
| 245 |
0 |
0 |
|a Guide to geographical indications :
|b linking products and their origins.
|
| 260 |
0 |
0 |
|a Geneva:
|b ITC,
|c 2008.
|
| 300 |
# |
# |
|a 207 p.
|
| 440 |
0 |
0 |
|a Export impact for good
|
| 650 |
0 |
0 |
|a Foreign trade regulation
|
| 650 |
0 |
0 |
|a Agriculture --
|x Law and legislation
|
| 650 |
0 |
0 |
|a Intellectual property (International law)
|
| 710 |
2 |
1 |
|a International Trade Centre (ITC)
|
| 999 |
|
|
|a 0000027128
|b Book
|c International
|e Business Information Centre
|
| 999 |
|
|
|a 0000026144
|b Book
|c International
|e Business Information Centre
|